Hétköznapi hősiesség

Elmentve itt :
Bibliográfiai részletek
Szerző: Szőke Mária
Dokumentumtípus: Cikk
Megjelent: 1972-03-18
Sorozat:Délmagyarország 62 No. 66
Kulcsszavak:mentők
Online Access:http://dmarchiv.bibl.u-szeged.hu/102991
LEADER 00435nab a2200157 i 4500
001 delm102991
005 20190320143335.0
008 190320s1972 hu o 0|| hun d
040 |a SZTE Délmagyarország Archívum  |b hun 
041 |a hun 
100 1 |a Szőke Mária 
245 1 0 |a Hétköznapi hősiesség  |h [elektronikus dokumentum] /  |c  Szőke Mária 
260 |c 1972-03-18 
300 |a 3 
490 0 |a Délmagyarország  |v 62 No. 66 
695 |a mentők